Dictionnaire de styles

Saved in:
Bibliographic Details
Main Author: Guillaume Janneau
Format: Book
Language:Undetermined
Published: Paris Larousse 1966
Subjects:
Tags: Add Tag
No Tags, Be the first to tag this record!
Institutions: Trung tâm Học liệu Trường Đại học Cần Thơ
LEADER 00476nam a2200181Ia 4500
001 CTU_26706
008 210402s9999 xx 000 0 und d
082 |a 808.03 
082 |b J34 
100 |a Guillaume Janneau 
245 0 |a Dictionnaire de styles 
245 0 |c Guillaume Janneau 
260 |a Paris 
260 |b Larousse 
260 |c 1966 
650 |a style, literary - dictionary 
904 |i Minh, 981017 
980 |a Trung tâm Học liệu Trường Đại học Cần Thơ